000 00686nam a22001337a 4500
040 _cRUA
082 _aAVM IN 2012 B0101 Or.1
100 _aIN SAMAT
245 _aPrevalance of gastrointestinal parasith in dogs at chba morn district, compong spue province, (ការសិក្សាកម្រិតរាលដាលបរាសិតក្នុងក្រពះពោះវៀនសុនខ ក្នុងក្រុងប្បារមន ខេត្តកំពង់ស្ពឺ)
260 _aPhnom Penh
_bRua
_c2012
300 _aviii, 45p.
_bill.
_c29cm.
856 _uhttps://drive.google.com/file/d/1-kfAG2nTsfA0BoCLntnyDy-43klfihnp/view?usp=sharing
942 _cAVM
999 _c2550
_d2550